Quizzes
Events
Quiz Creation
Community
Videos
Private Events
Remove Ads
Sign In
Join for FREE
Feedback
Dark Mode
Quiz Categories
Sports
Geography
Music
Movies
Television
Just For Fun
Miscellaneous
History
Literature
Language
Science
Gaming
Entertainment
Religion
Holiday
For Kids
Quiz Lab
Recent
Popular Today
Quiz Kudos Today
Editor Picks
Curator Picks
Quizzes by...
Day
Popularity
Type
Ratings
Length
Year
Community
Subscriptions
Recent Discussions
Orange Saloon
Badges
Playlists
Quests
Create
Leaderboards
Showdown
Live 5
Trivia Bingo
Activity
Puzzle Library
Sporcle Events
Private Events
Virtual Trivia
Globe League
Become a Host
Pub Owners
SporcleCon
Opinionation
Our Games
Videos
Blog
Mobile Apps
Partnerships
Remove Ads and Go Orange
Feedback
Just For Fun
Clickable
Get the Picture
Humor
Quick Pick
Word Ladder
Missing Word
Mixed Word
Blitz
Minefield
This or That
Alphabet
Color
Typing
Sporcle
Puzzle
Word Play
Follow That Line
Logic
Just For Fun
Clickable
Get the Picture
Humor
Quick Pick
Word Ladder
Missing Word
Mixed Word
Blitz
Minefield
This or That
Alphabet
Color
Typing
Sporcle
Puzzle
Word Play
Follow That Line
Logic
Random Quiz
Search Sporcle
×
Quiz Lab
Quiz Lab
Just For Fun
common
Type in answers that appear in a list
Type in answers that appear in a list
Classic
Best Score? Go Orange.
Commonly Used Passwords Stats
Can you name the the Most Commonly Used Passwords?
By
G_MoNeY
7m
32 Questions
200 Plays
200 Plays
200 Plays
Comments
Comments
Give Quiz Kudos
Give Quiz Kudos
-
- Ratings
hide this ad
Replay
Link that replays current quiz
Next Quiz
Link to next quiz in quiz playlist
You Got
0%
They Got
Avg Score
19%
Avg Friend Score
Upgrade to see
Score Distribution
Jump to the score distribution portion of the page
Score
0/32
Timer
07:00
0
Plays Today
Password
% Correct
12345
85.5%
password
84.5%
123456
65%
1234567
58.5%
12345678
57%
123456789
56%
qwerty
35%
0
33%
abc123
22%
111111
19%
password1
16.5%
iloveu
12%
iloveyou
11.5%
654321
11.5%
monkey
10.5%
michael
8.5%
Password
% Correct
rockyou
6%
princess
5.5%
soccer
4.5%
michelle
3.5%
daniel
3%
jessica
3%
FRIENDS
3%
lovely
2.5%
ashley
2.5%
tigger
2.5%
chocolate
2.5%
nicole
2%
babygirl
2%
sunshine
2%
anthony
2%
angel
2%
Quiz Playlist
Details
Report
Send in Message
Add To Playlist
Classic:
Type in answers that appear in a list
Quiz Source
Last Updated: Feb 16, 2017
Quiz Scoreboard
CHALLENGE
Sign Up to Join the Scoreboard
Show All
Scores
Hide
Comments
May contain spoilers
Recently Published
TV Characters by Other Roles V
by ghcgh
Television
5m
Decade Duel: World Leaders
by jenniferyan
History
4m
Alphabetical 'K' Countries by Flag Minefield
by ylime102
Geography
3m
More to Explore
Quiz From the Vault
Featured Blog Post
15 Basketball Trivia Facts You Can Be March Mad About
hide this ad
You Might Also Like...
Tags
common
Password
Today's Top Quizzes in Just For Fun
Browse Just For Fun
hide this ad
Today's Top Quizzes in common
Browse common
Top Contributed Quizzes in Just For Fun
1
Seasons
2
Pick 6: Letters
3
Pick 6: Foods
4
Pick 6: Colors
5
Quick Pick: Spring Things
6
Four Seasons
7
Erkennst du die Lieblingsgerichte der watsons?
8
Dragon Ball Z Logic Quiz
9
💣 Real or Fake Four Letter Words [Blitz]
10
🌸 Two-Word Hint Crossword 7 🌸
Explore More
Trending Topics
Crossword
NBA
Marvel
Harry Potter
Anime
Kpop
Disney
Puzzle
Soccer
Song
Pokémon
WWE
Country
The Office
NFL
hide this ad
More By:
G_MoNeY
Quiz
Plays
Rating
Category
Featured
Created
All-Draft, All-Time Starting 5 for Each NBA Team
2,166
2.63
Sports
Jun 20, 2011
America's Worst Weather Cities
1,596
1.50
Geography
Feb 8, 2010
NFL Most Passing Yards In A Game
792
3.50
Sports
Nov 28, 2009
NBA All-Time Triple-Double Leaders
678
3.80
Sports
Nov 14, 2009
NBA Records (In a Game)
676
2.75
Sports
Dec 3, 2009
Go to Creator's Profile
Score Distribution
Quiz Creator Spotlight
G_MoNeY
Follow
Send a Message
Quizzes Created
-
Created Quiz Play Count
-
More By This Creator
Popular Quizzes Today
1
Countries of Asia Without Outlines Minefield
2
Find the US States - No Outlines Minefield
3
Pick 6: Fruits
4
The Countries of the World
5
Find the Countries of Europe - No Outlines Minefield
6
Alphabetical 'K' Countries by Flag Minefield
7
US States
8
Find the US States
More Just For Fun Quizzes
Get the Picture: Miyazaki Heroines
Published
Trending Quizzes
Pick 6: Mountains
Pick 6: Harry Potter
Pick 6: Flags
Pick 6: NFL Teams
C Names for Actors
Recently Updated
Adaptations: Name the Title
pecheneg
NWSL Teams
pecheneg
Women's Final Four Teams by Year
bhenderson79
Presidents Quartet II
eogle
Anything But Clue(do)
eogle
Anything But Oceanian Capitals
eogle
Anything But 7
eogle
Anything But Thing
eogle
Word Ladder: February 29
pecheneg
Song Title Questions
pecheneg
Trending Topics
Marvel
Disney
NBA
Harry Potter
Crossword
Anime
Kpop
Country
WWE
NFL
The Office
Song
Puzzle
Soccer
Pokémon
Your Account Isn't Verified!
In order to create a playlist on Sporcle, you need to verify the email address you used during registration. Go to your
Sporcle Settings
to finish the process.
Report this User
Report this user for behavior that violates our
Community Guidelines
.
Details:
Send Report
Go to the Sporcle.com Mobile Site →
Comments